| 000 | 01964cas a2200493 i 4500 | ||
|---|---|---|---|
| 001 | 13271040 | ||
| 005 | 20250128091913.0 | ||
| 008 | 012825c2009 nyuqr p 0 a0eng c | ||
| 010 | _a 2003215338 | ||
| 022 | 0 |
_a1545-5963 _l1545-5963 _21 |
|
| 040 |
_aNSD _beng _cCSPC |
||
| 042 |
_apcc _ansdp |
||
| 050 | 0 | 0 |
_aQH324.2 _b.I343 |
| 060 | 0 | 0 |
_aW1 _bIE44611 |
| 082 | 1 | 0 |
_a572 _213 |
| 222 | 0 |
_aIEEE/ACM transactions on computational biology and bioinformatics _b(Print) |
|
| 245 | 0 | 0 |
_aIEEE/ACM transactions on computational biology and bioinformatics / _cIEEE, ACM. |
| 246 | 1 | _aComputational biology and bioinformatics | |
| 246 | 1 | _aTransactions on computational biology and bioinformatics | |
| 246 | 1 | 3 | _aIEEE/ACM TCBB |
| 246 | 1 | 7 | _aIEEE transactions on computational biology and bioinformatics |
| 260 |
_aNew York, NY : _bIEEE Computer Society, _c2009- |
||
| 300 |
_avolumes : _billustrations ; _c27 cm |
||
| 310 |
_aQuarterly _b2009- |
||
| 336 |
_atext _btxt _2rdacontent |
||
| 337 |
_aunmediated _bn _2rdamedia |
||
| 338 |
_avolume _bnc _2rdacarrier |
||
| 490 | _3Printed Journal Collection. | ||
| 500 | _aIncludes bibliographical references. | ||
| 521 | _aCEA/BSECE | ||
| 650 | 0 |
_aComputational biology _vPeriodicals. |
|
| 650 | 0 |
_aBioinformatics _vPeriodicals. |
|
| 650 | 7 |
_aBioinformatics. _2fast _0(OCoLC)fst00832181 |
|
| 650 | 7 |
_aComputational biology. _2fast _0(OCoLC)fst00871990 |
|
| 650 | 1 | 2 | _aComputational Biology. |
| 655 | 7 |
_aPeriodicals. _2fast _0(OCoLC)fst01411641 |
|
| 655 | 7 |
_aPeriodicals. _2lcgft |
|
| 710 | 2 | _aInstitute of Electrical and Electronics Engineers. | |
| 710 | 2 | _aAssociation for Computing Machinery. | |
| 710 | 2 | _aIEEE Computer Society. | |
| 776 | 0 | 8 |
_iOnline version: _tIEEE/ACM transactions on computational biology and bioinformatics (Online) _x1545-5963 _w(DLC) 2005252012 _w(OCoLC)56477666 |
| 942 |
_2ddc _cSERIALS _n0 |
||
| 999 |
_c28702 _d28702 |
||